les spécialités des personnages de the vampires diaries - Statistiques

Statistiques générales
  • Ce quiz a été pris 749 fois
  • Le résultat moyen est 5 sur 15
Statistiques - réponses
Hint Réponse % Correct
lexi Branson vampire
98%
bonnie Bennett sorcière
80%
matt Donovan humain
79%
tyler lockwood loup garou
68%
klaus mikaleson hybrid
66%
Jeremy gilbert chasseur
51%
hope Mikaelson tribrid
30%
nora Hildegard heretic
10%
amara Petrova immortelle
4%
damon salvatore vampire (augustine)
4%
Rebekah Mikaelson vampire originelle
4%
elena gilbert humaine , doppelganger
2%
katherine pierce vampire, Doppelgänger,traveler
1%
stefan salvatore vampire(ripper)
1%
silas immortel,sorcier
0%
Aucun quiz correspondant
Distribution des résultats
% des personnes avec chaque résultat
Percentile par nombre de réponses
Votre historique - résultats
Vous n’avez pas pris ce quiz